[Event "CZE-ch U16 Girls"]
[Site "Kouty nad Desnou"]
[Date "2020.03.12"]
[Round "7"]
[White "Ruzickova, Ema"]
[Black "Vlachynska, Lilian"]
[Result "0-1"]
[WhiteElo "1409"]
[BlackElo "1224"]
[PlyCount "110"]
[EventDate "2020.03.07"]
[EventType "swiss"]
[EventRounds "7"]
[EventCountry "CZE"]
[SourceTitle "CBM 195 Extra"]
[Source "ChessBase"]
[SourceDate "2020.05.31"]
[SourceVersion "1"]
[SourceVersionDate "2020.05.31"]
[SourceQuality "1"]

1. e4 e5 2. Nf3 Nc6 3. Bb5 a6 4. Ba4 Nf6 5. 0-0 Be7 6. Re1 b5 7. Bb3 0-0 8. c3 d6 9. h3 Na5 10. Bc2 c5 11. d4 Qc7 12. Nbd2 Bd7 13. Nf1 Rac8 14. Bb1 Nc6 15. Ng3 g6 16. Be3 Ne8 17. Ne2 Ng7 18. Bg5 Bxg5 19. Nxg5 f6 20. Nf3 Nd8 21. Qd2 Nf7 22. Bd3 f5 23. Ng3 f4 24. Ne2 cxd4 25. cxd4 Qd8 26. d5 Ng5 27. Nxg5 Qxg5 28. Kh2 Qh4 29. Ng1 Nh5 30. Nf3 Qf6 31. Be2 Kh8 32. Rg1 Rg8 33. g4 fxg3+ 34. fxg3 Rcf8 35. Raf1 Qd8 36. Ng5 Qe7 37. Nf3 g5 38. Ne1 Nf6 39. Qe3 h6 40. g4 Qh7 41. Nf3 Qxe4 42. Qxe4 Nxe4 43. Rc1 Rc8 44. Kg2 Nf6 45. Kg3 Rxc1 46. Rxc1 Rc8 47. Rd1 Rc2 48. Bd3 Rxb2 49. Nxe5 dxe5 50. Bf5 Kg8 51. d6 Kf8 52. Re1 Bxf5 53. gxf5 e4 54. Rc1 Rd2 55. Rc8+ Ne8 0-1

[Event "Karlovy Vary CupT U16"]
[Site "Karlovy Vary"]
[Date "2020.01.23"]
[Round "3.3"]
[White "Zalusky, Matej"]
[Black "Ruzickova, Ema"]
[Result "0-1"]
[WhiteElo "1529"]
[BlackElo "1407"]
[PlyCount "94"]
[EventDate "2020.01.22"]
[EventType "team-swiss"]
[EventRounds "4"]
[EventCountry "CZE"]
[SourceTitle "CBM 194 Extra"]
[Source "ChessBase"]
[SourceDate "2020.03.31"]
[SourceVersion "1"]
[SourceVersionDate "2020.03.31"]
[SourceQuality "1"]
[WhiteTeam "Jihocesky kraj"]
[BlackTeam "Olomoucky kraj"]
[WhiteTeamCountry "CZE"]
[BlackTeamCountry "CZE"]

1. e4 c5 2. Nf3 d6 3. d4 cxd4 4. Nxd4 Nf6 5. Nc3 g6 6. Bc4 Bg7 7. 0-0 0-0 8. Kh1 Nxe4 9. Bxf7+ Rxf7 10. Nxe4 Nc6 11. Ne2 d5 12. Nc5 b6 13. Nd3 e5 14. f3 Bb7 15. Ng3 Qc7 16. c3 Ba6 17. Re1 Rd8 18. Nf2 e4 19. Bg5 Rdf8 20. Qxd5 exf3 21. gxf3 Bb7 22. Nfe4 Ne5 23. Qd6 Qxd6 24. Nxd6 Bxf3+ 25. Kg1 Rd7 26. Nge4 Nf7 27. Nxf7 Rdxf7 28. Ng3 h6 29. Be3 Bc6 30. Rf1 Re7 31. Rxf8+ Bxf8 32. Bd2 Rd7 33. Be3 Rd3 34. Kf2 Rd6 35. Bd4 Bg7 36. Ne2 Bb5 37. Bxg7 Rd2 38. Bxh6 Rxe2+ 39. Kg3 Rxb2 40. Bf4 Rc2 41. Be5 Kf7 42. Rb1 Bc6 43. a3 Ke6 44. Bg7 Ra2 45. Bf8 g5 46. h4 Rg2+ 47. Kh3 g4# 0-1

[Event "Bezmerov Bastinec Memorial-B"]
[Site "Bezmerov"]
[Date "2019.01.26"]
[Round "3"]
[White "Mudry, Jan"]
[Black "Ruzickova, Ema"]
[Result "1-0"]
[WhiteElo "1662"]
[BlackElo "1389"]
[PlyCount "107"]
[EventDate "2019.01.25"]
[EventType "swiss"]
[EventRounds "6"]
[EventCountry "CZE"]
[SourceTitle "CBM 188 Extra"]
[Source "ChessBase"]
[SourceDate "2019.02.26"]
[SourceVersion "1"]
[SourceVersionDate "2019.02.26"]
[SourceQuality "1"]

1. e4 e5 2. Bc4 Nf6 3. Nf3 Nc6 4. Ng5 d5 5. exd5 Na5 6. Bb5+ c6 7. dxc6 bxc6 8. Be2 h6 9. Nf3 e4 10. Ne5 Bc5 11. Ng4 Bxg4 12. Bxg4 Qd4 13. 0-0 e3 14. Bf3 exf2+ 15. Kh1 Qd6 16. c3 Bb6 17. Qe2+ Kf8 18. d4 Bc7 19. g3 Re8 20. Qxf2 g6 21. b3 Kg7 22. Bg2 Qe6 23. Bd2 Bd8 24. Bf3 h5 25. Re1 Qd7 26. Na3 Re6 27. Rxe6 Qxe6 28. Re1 Qd6 29. Nc2 Rf8 30. Bf4 Qd7 31. Be5 Kh7 32. Be2 Ne4 33. Qe3 Ng5 34. Bf1 Re8 35. Qf4 Ne6 36. Qf2 Nb7 37. Bh3 Qd5+ 38. Bg2 Qd7 39. Qf3 Na5 40. b4 Nc4 41. Qxc6 Nxe5 42. Rxe5 Qxc6 43. Bxc6 Re7 44. d5 Ng7 45. Rxe7 Bxe7 46. a4 Bf6 47. c4 Nf5 48. b5 Bd8 49. Bd7 Nd6 50. c5 Ne4 51. c6 Nd6 52. Nb4 Ne4 53. Na6 Nc5 54. Nxc5 1-0

[Event "Bezmerov Bastinec Memorial-B"]
[Site "Bezmerov"]
[Date "2019.01.25"]
[Round "1"]
[White "Zrubek, Adam"]
[Black "Ruzickova, Ema"]
[Result "1/2-1/2"]
[WhiteElo "1164"]
[BlackElo "1389"]
[PlyCount "94"]
[EventDate "2019.01.25"]
[EventType "swiss"]
[EventRounds "6"]
[EventCountry "CZE"]
[SourceTitle "CBM 188 Extra"]
[Source "ChessBase"]
[SourceDate "2019.02.26"]
[SourceVersion "1"]
[SourceVersionDate "2019.02.26"]
[SourceQuality "1"]

1. e4 e5 2. Nf3 Nc6 3. Nc3 Nf6 4. Bb5 Bb4 5. d3 d6 6. 0-0 Bg4 7. Bg5 Bxc3 8. bxc3 0-0 9. Re1 Qe7 10. h3 Bh5 11. Rb1 Nd8 12. Bh4 Ne6 13. Bc4 Rab8 14. Qe2 Nf4 15. Qe3 Ne6 16. Ng5 Nxg5 17. Bxg5 Bg6 18. Qxa7 b6 19. Bxf6 gxf6 20. Bd5 Kh8 21. a4 Qd8 22. d4 Qc8 23. f3 f5 24. a5 fxe4 25. axb6 cxb6 26. Bxe4 Qxc3 27. dxe5 Bxe4 28. Rxe4 dxe5 29. Qe7 f6 30. Rg4 Qc5+ 31. Qxc5 bxc5 32. Rxb8 Rxb8 33. Rc4 Rc8 34. f4 Kg7 35. fxe5 fxe5 36. Kf2 Kf6 37. Ke3 h6 38. h4 Ke7 39. Ke4 Ke6 40. Ra4 Rc6 41. Ra8 Rb6 42. Re8+ Kd6 43. Kf5 Rb2 44. Re6+ Kd7 45. Rxh6 Rxc2 46. Kxe5 Rxg2 47. Kd5 Rc2 1/2-1/2

[Event "CZE-ch U12 Girls"]
[Site "Kouty nad Desnou"]
[Date "2017.03.17"]
[Round "8"]
[White "Fizerova, Lucie"]
[Black "Ruzickova, Ema"]
[Result "0-1"]
[WhiteElo "1395"]
[BlackElo "1403"]
[PlyCount "148"]
[EventDate "2017.03.11"]
[EventType "swiss"]
[EventRounds "9"]
[EventCountry "CZE"]
[SourceTitle "CBM 177 Extra"]
[Source "ChessBase"]
[SourceDate "2017.04.27"]
[SourceVersion "1"]
[SourceVersionDate "2017.04.27"]
[SourceQuality "1"]

1. e4 e5 2. Nf3 Nc6 3. Bb5 f5 4. Nc3 Nf6 5. d3 fxe4 6. dxe4 Bc5 7. Bg5 d6 8. Nd5 0-0 9. Nxf6+ Rxf6 10. Bxf6 Qxf6 11. 0-0 Bg4 12. Qd5+ Kh8 13. Bxc6 bxc6 14. Qxc6 Rf8 15. Qd5 Bxf3 16. gxf3 Qxf3 17. Qd3 Bxf2+ 18. Rxf2 Qxf2+ 19. Kh1 Qf3+ 20. Qxf3 Rxf3 21. Kg2 Re3 22. Rf1 Kg8 23. Kf2 Rxe4 24. Rd1 Rf4+ 25. Ke3 Kf7 26. Rd5 Ra4 27. a3 a6 28. Rd3 Ke6 29. b4 d5 30. Kd2 a5 31. bxa5 Rxa5 32. Rg3 g6 33. Rh3 h5 34. Kc1 d4 35. Kb2 e4 36. Kb3 e3 37. Rg3 g5 38. Rg1 h4 39. Kb4 Rf5 40. a4 e2 41. Re1 Rf2 42. h3 c6 43. Kc5 Kd7 44. Kb6 Kc8 45. a5 c5 46. a6 Kb8 47. Kxc5 Rh2 48. Kb6 Rf2 49. Kc5 Ka7 50. Kxd4 Kxa6 51. Ke3 Rh2 52. Rxe2 Rxh3+ 53. Ke4 Rc3 54. Kf5 Rc5+ 55. Kg4 Kb5 56. Re8 Kc4 57. Rh8 Kc3 58. Rh7 Kxc2 59. Rh6 Kd2 60. Rh8 Ke2 61. Rf8 Re5 62. Rf6 Re3 63. Rh6 Rg3+ 64. Kf5 h3 65. Ra6 Re3 66. Kxg5 Kf2 67. Kf4 Rf3+ 68. Kg4 Re3 69. Kf4 h2 70. Ra2+ Re2 71. Ra1 Kg2 72. Kg4 Rf2 73. Ra3 h1Q 74. Rg3+ Kf1 0-1

[Event "CZE-ch U12 Girls"]
[Site "Kouty nad Desnou"]
[Date "2017.03.16"]
[Round "7"]
[White "Ruzickova, Ema"]
[Black "Trasakova, Adela"]
[Result "1-0"]
[WhiteElo "1403"]
[BlackElo "1393"]
[PlyCount "83"]
[EventDate "2017.03.11"]
[EventType "swiss"]
[EventRounds "9"]
[EventCountry "CZE"]
[SourceTitle "CBM 177 Extra"]
[Source "ChessBase"]
[SourceDate "2017.04.27"]
[SourceVersion "1"]
[SourceVersionDate "2017.04.27"]
[SourceQuality "1"]

1. e4 c6 2. d4 d5 3. Nc3 dxe4 4. Nxe4 Nd7 5. Bc4 Ngf6 6. Nxf6+ Nxf6 7. Nf3 Bf5 8. 0-0 e6 9. Bg5 Qc7 10. Qc1 h6 11. Bf4 Bd6 12. Ne5 Nd5 13. Bg3 0-0 14. Bd3 Bxd3 15. Nxd3 Bxg3 16. hxg3 Rfd8 17. c3 b6 18. c4 Nf6 19. Qe3 Ng4 20. Qe4 Nf6 21. Qe3 Rd6 22. Rad1 Rad8 23. Ne5 c5 24. Nf3 Qd7 25. Ne5 cxd4 26. Nxd7 dxe3 27. Rxd6 exf2+ 28. Rxf2 Ne4 29. Nf6+ gxf6 30. Rxd8+ Kg7 31. Rd7 Nxf2 32. Kxf2 Kg6 33. Rxa7 f5 34. a4 f6 35. a5 bxa5 36. c5 Kg5 37. c6 f4 38. gxf4+ Kxf4 39. c7 e5 40. c8Q f5 41. Rxa5 e4 42. Qxf5# 1-0

[Event "CZE-ch U12 Girls"]
[Site "Kouty nad Desnou"]
[Date "2017.03.13"]
[Round "3"]
[White "Zemanova, Nikola"]
[Black "Ruzickova, Ema"]
[Result "0-1"]
[WhiteElo "1211"]
[BlackElo "1403"]
[PlyCount "68"]
[EventDate "2017.03.11"]
[EventType "swiss"]
[EventRounds "9"]
[EventCountry "CZE"]
[SourceTitle "CBM 177 Extra"]
[Source "ChessBase"]
[SourceDate "2017.04.27"]
[SourceVersion "1"]
[SourceVersionDate "2017.04.27"]
[SourceQuality "1"]

1. e4 e5 2. Nf3 Nc6 3. Bc4 Nf6 4. d3 Be7 5. Nc3 d6 6. Bg5 h6 7. Bh4 0-0 8. Qe2 Na5 9. Bb3 Nxb3 10. axb3 c5 11. h3 Be6 12. 0-0 Nh7 13. Bxe7 Qxe7 14. Qe3 f5 15. exf5 Bxf5 16. g4 Be6 17. Kg2 Qf6 18. Nd2 b6 19. Nde4 Qe7 20. Ng3 Ng5 21. f4 Qb7+ 22. Kh2 exf4 23. Rxf4 Rxf4 24. Qxf4 Nf3+ 25. Kg2 Nh4+ 26. Kf2 Rf8 27. Nf5 Nxf5 28. Qd2 Nd4+ 29. Kg3 Qf3+ 30. Kh4 Nf5+ 31. gxf5 g5+ 32. Qxg5+ hxg5+ 33. Kxg5 Qxf5+ 34. Kh6 Rf6# 0-1

[Event "CZE-ch U12 Girls"]
[Site "Kouty nad Desnou"]
[Date "2017.03.11"]
[Round "1"]
[White "Sulcova, Tereza Radmila"]
[Black "Ruzickova, Ema"]
[Result "0-1"]
[WhiteElo "1228"]
[BlackElo "1403"]
[PlyCount "88"]
[EventDate "2017.03.11"]
[EventType "swiss"]
[EventRounds "9"]
[EventCountry "CZE"]
[SourceTitle "CBM 177 Extra"]
[Source "ChessBase"]
[SourceDate "2017.04.27"]
[SourceVersion "1"]
[SourceVersionDate "2017.04.27"]
[SourceQuality "1"]

1. d4 Nf6 2. Nf3 d5 3. e3 Bf5 4. c4 c6 5. Qb3 Qc7 6. Nc3 e6 7. Be2 h6 8. Bd2 Nbd7 9. Rc1 Be7 10. cxd5 exd5 11. Nxd5 Nxd5 12. Qxd5 Be6 13. Qe4 Nf6 14. Qe5 Bd6 15. Qa5 Qxa5 16. Bxa5 Bxa2 17. Nd2 Be6 18. e4 Bf4 19. e5 Nd5 20. g3 Bg5 21. f4 Be7 22. Rf1 b6 23. Bc3 Nxc3 24. Rxc3 c5 25. dxc5 Bxc5 26. Bc4 Bh3 27. Rff3 Bf5 28. Bd3 Bg4 29. Bb5+ Ke7 30. Rf1 a6 31. Be2 Bh3 32. Rff3 Bg4 33. Rfd3 Bf5 34. Rf3 Rhd8 35. Rc1 Bb4 36. Rd1 Bc2 37. Ra1 Bxd2+ 38. Kf2 Be4 39. Rfa3 a5 40. Bf3 Bxf3 41. Rxf3 Rac8 42. Ke2 Rc2 43. Rd1 Bb4+ 44. Ke3 Rxd1 0-1

[Event "CZE-ch U10 Girls"]
[Site "Kouty nad Desnou"]
[Date "2015.03.13"]
[Round "8"]
[White "Ruzickova, Ema"]
[Black "Habinova, Alice"]
[Result "0-1"]
[WhiteElo "1211"]
[BlackElo "1181"]
[PlyCount "78"]
[EventDate "2015.03.07"]
[EventType "swiss"]
[EventRounds "9"]
[EventCountry "CZE"]
[SourceTitle "EXT 2017"]
[Source "ChessBase"]
[SourceDate "2016.10.25"]
[SourceVersion "1"]
[SourceVersionDate "2016.10.25"]
[SourceQuality "1"]

1. e4 c5 2. Nf3 Nc6 3. d4 cxd4 4. Nxd4 g6 5. Nc3 Bg7 6. Be3 Nf6 7. Bc4 Qa5 8. 0-0 Qb4 9. Bb3 Nxe4 10. Nxe4 Nxd4 11. Bxd4 Qxd4 12. Qxd4 Bxd4 13. c3 Bg7 14. Rfe1 0-0 15. Ng5 e6 16. Re3 d5 17. f4 d4 18. Re2 dxc3 19. bxc3 Bxc3 20. Rc1 Bd4+ 21. Kh1 Rd8 22. Rd1 h6 23. Red2 hxg5 24. fxg5 e5 25. Re2 Bg4 26. Bxf7+ Kxf7 27. Rf1+ Kg7 28. Rc2 Rac8 29. Rd2 Bc3 30. Rxd8 Rxd8 31. h3 Rd1 32. Rxd1 Bxd1 33. Kg1 e4 34. Kf1 e3 35. a4 e2+ 36. Kg1 e1Q+ 37. Kh2 Be5+ 38. g3 Qxg3+ 39. Kh1 Bf3# 0-1

[Event "CZE-ch U10 Girls"]
[Site "Kouty nad Desnou"]
[Date "2015.03.10"]
[Round "4"]
[White "Maresova, Michaela"]
[Black "Ruzickova, Ema"]
[Result "1-0"]
[WhiteElo "1559"]
[BlackElo "1211"]
[PlyCount "91"]
[EventDate "2015.03.07"]
[EventType "swiss"]
[EventRounds "9"]
[EventCountry "CZE"]
[SourceTitle "EXT 2017"]
[Source "ChessBase"]
[SourceDate "2016.10.25"]
[SourceVersion "1"]
[SourceVersionDate "2016.10.25"]
[SourceQuality "1"]

1. e4 e5 2. d4 exd4 3. Nf3 Nc6 4. Bc4 Nf6 5. 0-0 Nxe4 6. Re1 d5 7. Bxd5 Qxd5 8. Nc3 Qa5 9. Nxe4 Be6 10. Neg5 0-0-0 11. Nxe6 fxe6 12. Rxe6 Bd6 13. Bg5 Rde8 14. Qe1 Kd7 15. Rxe8 Rxe8 16. Qxa5 Nxa5 17. Nxd4 Nc4 18. b3 Ne5 19. Nf5 Bc5 20. Rd1+ Bd6 21. Nxg7 Rg8 22. Bf4 Rxg7 23. Bxe5 Rg5 24. Bxd6 cxd6 25. g3 Kc6 26. h4 Rh5 27. c4 Re5 28. Rd2 a5 29. f4 Re3 30. Kf2 Re6 31. f5 Rf6 32. g4 h6 33. Ke3 Rf7 34. Kf4 Rg7 35. f6 Rf7 36. Kf5 Kd7 37. g5 hxg5 38. hxg5 Ke8 39. g6 Rf8 40. f7+ Ke7 41. Re2+ Kd7 42. Kf6 b6 43. g7 Rd8 44. f8Q Rxf8+ 45. gxf8Q Kc6 46. Qc8# 1-0

[Event "CZE-ch U10 Girls"]
[Site "Kouty nad Desnou"]
[Date "2015.03.10"]
[Round "5"]
[White "Ruzickova, Ema"]
[Black "Strnadova, Monika"]
[Result "0-1"]
[WhiteElo "1211"]
[BlackElo "1097"]
[PlyCount "124"]
[EventDate "2015.03.07"]
[EventType "swiss"]
[EventRounds "9"]
[EventCountry "CZE"]
[SourceTitle "EXT 2017"]
[Source "ChessBase"]
[SourceDate "2016.10.25"]
[SourceVersion "1"]
[SourceVersionDate "2016.10.25"]
[SourceQuality "1"]

1. e4 e5 2. Nf3 Nc6 3. Nc3 Nf6 4. Bb5 d6 5. 0-0 Bg4 6. d3 h6 7. Qe2 a6 8. Bxc6+ bxc6 9. Nd1 Be7 10. Ne3 Bh5 11. Nf5 0-0 12. Ng3 Bg4 13. h3 Bh5 14. Qe3 d5 15. Nxe5 d4 16. Qf4 Bd6 17. Nf5 Bxe5 18. Qxe5 Qe8 19. Qg3 Bg6 20. Bf4 Nh5 21. Qh4 Nxf4 22. Qxf4 Bxf5 23. Qxf5 Qe6 24. Qxe6 fxe6 25. f4 Rf7 26. Rf3 Raf8 27. Raf1 a5 28. g4 e5 29. f5 g6 30. f6 h5 31. g5 c5 32. Rc1 Rb8 33. b3 Rb4 34. a3 Rb6 35. Rff1 c6 36. Rb1 Kf8 37. Rfc1 Rfb7 38. Kg2 a4 39. Kg3 axb3 40. cxb3 Rxb3 41. Rxb3 Rxb3 42. Rxc5 Rxd3+ 43. Kg2 Rxa3 44. Rxe5 d3 45. Re6 Ra2+ 46. Kf1 Ra1+ 47. Kf2 d2 48. Rd6 d1Q 49. Rxd1 Rxd1 50. e5 Kf7 51. Kf3 c5 52. Ke2 Rd8 53. Ke3 c4 54. e6+ Kxe6 55. f7 Kxf7 56. Ke2 c3 57. Kf3 c2 58. Kg3 c1Q 59. Kf3 Rd2 60. Ke3 Qc3+ 61. Ke4 Rd4+ 62. Ke5 Qc5# 0-1

[Event "CZE-ch U10 Girls"]
[Site "Kouty nad Desnou"]
[Date "2015.03.07"]
[Round "1"]
[White "Ruzickova, Ema"]
[Black "Nagyova, Daniela"]
[Result "1/2-1/2"]
[WhiteElo "1211"]
[BlackElo "1068"]
[PlyCount "42"]
[EventDate "2015.03.07"]
[EventType "swiss"]
[EventRounds "9"]
[EventCountry "CZE"]
[SourceTitle "EXT 2017"]
[Source "ChessBase"]
[SourceDate "2016.10.25"]
[SourceVersion "1"]
[SourceVersionDate "2016.10.25"]
[SourceQuality "1"]

1. e4 e5 2. Nf3 Nc6 3. Nc3 Nf6 4. Bb5 Bb4 5. 0-0 d6 6. d3 0-0 7. Bg5 h6 8. Bh4 Bg4 9. Bxc6 bxc6 10. h3 Bh5 11. Qe2 Bxc3 12. bxc3 d5 13. Qe3 Qd6 14. d4 Bxf3 15. Qxf3 dxe4 16. dxe5 Qxe5 17. Bxf6 Qxf6 18. Qxe4 Qxc3 19. Rad1 Rae8 20. Qf3 Qxc2 21. Rc1 Qxa2 1/2-1/2